| 000 | 00832nam a22002297a 4500 | ||
|---|---|---|---|
| 001 | 9863 | ||
| 003 | FISKH | ||
| 005 | 20260310091344.0 | ||
| 008 | 260310b cb ||||| |||| 00| 0 eng d | ||
| 020 | _a9781597070843 | ||
| 040 |
_aFISKH _beng _cFISKH _dFISKH |
||
| 082 | _a741.5 | ||
| 100 | _aKleid, Neil | ||
| 245 |
_aTales from the Crypt : _bCan you fear me now? / _cNeil Kleid |
||
| 260 |
_aNew York : _bPapercut, _c2007. |
||
| 300 |
_a90 unnumbered pages : _bcolor illustrations ; _c19 cm |
||
| 490 |
_aTales from the Crypt Graphic Novels : _vBook two |
||
| 520 | _aPresents four horror stories in graphic novel format, including a tale about a loser who would sacrifice anything to appear on--and win--the television show "Popstar Idol." | ||
| 650 |
_aHorror _vComics _xGraphic Novel |
||
| 942 |
_2ddc _cBK _n0 |
||
| 999 |
_c9863 _d9863 |
||